000 00605nam a2200169Ia 4500
008 231217s9999 xx 000 0 und d
041 _aEnglish
082 _a001.64404 BAS;1 R
100 _aBasavaraju, T G.
245 0 _aComputer communication networks : for VII sem. B.E., electronics and communication engineering and telecommunication engineering
250 _a2nd ed.
260 _c2007
_bStar Tech Education
_aBangalore
300 _a387
500 _aContent page available
650 _aComputer,communication,networks,VII,B.E.,,electronics,communication,telecommunication
942 _cAA
999 _c181771
_d181771